[Event "U18 Spanish Rapid Championship"]
[Site ""]
[Date "2017.08.06"]
[Round "6"]
[White "Toval Lopez, Alberto"]
[Black "Rodriguez Mellado, Antonio"]
[Result "0-1"]
[WhiteElo "1810"]
[BlackElo "1984"]
[Board "10"]
[WhiteClock "n/a"]
[WhiteCountry "ESP"]
[WhiteFideId "32094817"]
[BlackClock "n/a"]
[BlackCountry "ESP"]
[BlackFideId "22243038"]
[WhiteEloChange "-5"]
[BlackEloChange "5"]

1. e4 e5 2. Nf3 Nc6 3. Bb5 a6 4. Ba4 Bc5 5. O-O b5 6. Bb3 Nf6 7. d3 h6 8.
Bd5 O-O 9. Bxc6 dxc6 10. Nxe5 Re8 11. Nf3 Bg4 12. h3 Bh5 13. Be3 Bd6 14.
Nbd2 Qd7 15. Re1 c5 16. Nf1 Rad8 17. N1h2 Qc6 18. Qd2 Nxe4 19. Qc1 Nf6 20.
Bf4 Rxe1+ 21. Nxe1 Nd5 22. Bxd6 cxd6 23. Nef3 Re8 24. Qd2 Qd7 25. d4 c4 26.
Re1 Bg6 27. Ng4 Rxe1+ 28. Nxe1 Qe6 29. Ne3 Nf6 30. d5 Qe5 31. c3 Ne4 32.
Qd1 Bh5 33. Qc2 Bg6 34. Nf3 Qe7 35. Qc1 Nc5 36. Nd4 Nd3 37. Qd2 Qe4 38. b3
cxb3 39. axb3 Nf4 40. f3 Qe5 41. c4 Qxd4 42. Qxd4 Ne2+ 43. Kf2 Nxd4 44. b4
Kf8 45. c5 Ke7 46. c6 Kd8 47. Nd1 Nc2 48. Nc3 Nxb4 49. Ke3 Kc7 50. f4 Nc2+
51. Kd2 b4 52. Nd1 Be4 53. g4 a5 54. Nf2 Bh7 55. f5 Na3 56. Ne4 f6 57. Kc1
Bg8 0-1

[Event "U18 Spanish Rapid Championship"]
[Site ""]
[Date "2017.08.06"]
[Round "7"]
[White "Perez Garcia, Alejandro"]
[Black "Domingo Nunez, Ruben"]
[Result "0-1"]
[WhiteTitle "IM"]
[BlackTitle "FM"]
[WhiteElo "2123"]
[BlackElo "2116"]
[Board "1"]
[WhiteClock "0:10.05"]
[WhiteCountry "ESP"]
[WhiteFideId "32041543"]
[BlackClock "0:10.05"]
[BlackCountry "ESP"]
[BlackFideId "22245570"]
[WhiteEloChange "-10"]
[BlackEloChange "10"]

1. d4 Nf6 2. Nf3 b6 3. Bg5 Bb7 4. Nbd2 e6 5. e4 Be7 6. e5 Nd5 7. Bxe7 Nxe7
8. Bd3 d6 9. O-O Ng6 10. exd6 cxd6 11. Be4 Bxe4 12. Nxe4 O-O 13. Qe2 Nc6
14. Rfe1 Qc7 15. c3 Rae8 16. Neg5 h6 17. d5 Nd8 18. Nh3 e5 19. Nd2 f5 20.
Qh5 Qf7 21. Nc4 Nb7 22. Rad1 Qf6 23. f4 e4 24. Re3 Rc8 25. Rg3 Ne7 26. Ne3
b5 27. Nc2 Rc5 28. Nb4 Nd8 29. Qe2 Qf7 30. a3 a5 31. Nc6 Ndxc6 32. dxc6 d5
33. b4 axb4 34. axb4 Rc4 35. Qd2 Rc8 36. Nf2 R8xc6 37. Ra1 Qf6 38. Nd1 d4
39. cxd4 Rxd4 40. Qe2 Rxb4 41. Ra8+ Kh7 42. h3 Qf7 43. Qd2 Nd5 44. Qxd5
Qxd5 0-1

[Event "U18 Spanish Rapid Championship"]
[Site ""]
[Date "2017.08.06"]
[Round "7"]
[White "Martin Carmona, Gaston Manuel"]
[Black "Domingo Nunez, Alejandro"]
[Result "0-1"]
[BlackTitle "FM"]
[WhiteElo "1958"]
[BlackElo "2023"]
[Board "3"]
[WhiteClock "0:09.45"]
[WhiteCountry "ESP"]
[WhiteFideId "22284567"]
[BlackClock "0:10.05"]
[BlackCountry "ESP"]
[BlackFideId "22245561"]
[WhiteEloChange "-8"]
[BlackEloChange "8"]

1. Nf3 Nf6 2. c4 g6 3. b3 Bg7 4. Bb2 d6 5. e3 O-O 6. Qc2 c5 7. Be2 Nbd7 8.
Nc3 b6 9. d4 Rb8 10. d5 a6 11. a4 Ne8 12. h4 Ndf6 13. Ng5 Bf5 14. e4 Bd7
15. h5 Nc7 16. f4 h6 17. Nh3 Ng4 18. hxg6 fxg6 19. Qd2 e5 20. dxe6 Qh4+ 21.
Kd1 Nxe6 22. Nd5 Bxb2 23. Qxb2 Nd4 24. Kc1 Rbe8 25. Bf3 Bc6 26. Kd2 Bxd5
27. cxd5 Nf2 28. Nxf2 Qxf2+ 29. Kc1 Qe3+ 30. Kb1 Qxf4 31. Ka2 b5 32. a5 b4
33. Raf1 Qg5 34. Qb1 Qd8 35. Qd3 Qxa5+ 36. Kb1 Kg7 37. Bd1 Nb5 38. Bc2 Nc3+
39. Kc1 Qa3+ 40. Kd2 Nxe4+ 41. Kd1 Nc3+ 42. Kd2 Re2+ 43. Qxe2 Nxe2 44. Kxe2
Qb2 45. Kd2 Qc3+ 46. Kc1 Qa1+ 47. Bb1 Re8 48. Rf2 Qc3+ 49. Rc2 Qe3+ 50. Kb2
Qd4+ 51. Ka2 a5 52. Rc4 Re2+ 53. Bc2 Qxc4 54. bxc4 Rxc2+ 55. Kb3 Rc3+ 56.
Ka4 Rxc4 57. Kb5 Rd4 58. Kc6 c4 59. Kxd6 c3 60. Kc5 Rd2 61. d6 b3 62. Kc4
a4 63. Kxc3 Rxd6 64. Kb4 Rd4+ 65. Ka3 Rg4 66. Rf1 h5 67. Rf2 Kh6 68. Re2 h4
69. Rf2 Kh5 70. Re2 Rd4 71. Rf2 g5 72. Re2 Kg4 0-1

[Event "U18 Spanish Rapid Championship"]
[Site ""]
[Date "2017.08.06"]
[Round "7"]
[White "Portela Peleteiro, Alberto"]
[Black "Villemur Tamarit, Juan"]
[Result "1-0"]
[WhiteTitle "FM"]
[WhiteElo "2132"]
[BlackElo "1921"]
[Board "5"]
[WhiteClock "0:10.05"]
[WhiteCountry "ESP"]
[WhiteFideId "22276106"]
[BlackClock "0:10.05"]
[BlackCountry "ESP"]
[BlackFideId "22280332"]
[WhiteEloChange "5"]
[BlackEloChange "-5"]

1. e4 c6 2. d4 d5 3. exd5 cxd5 4. Bd3 Nf6 5. c3 Nc6 6. Bf4 g6 7. Nd2 Bg7 8.
Ngf3 O-O 9. O-O Nh5 10. Be3 e5 11. dxe5 Nxe5 12. Nxe5 Bxe5 13. Nf3 Bg7 14.
Bd4 Nf4 15. Bxg7 Kxg7 16. Re1 Qf6 17. h3 Be6 18. Bf1 Kg8 19. Kh2 Rfe8 20.
g3 Nh5 21. Bg2 Rad8 22. Qd4 Qxd4 23. Nxd4 Nf6 24. Rad1 a6 25. Re2 Rd6 26.
Nb3 b6 27. Nd4 b5 28. Nb3 Rc8 29. Red2 a5 30. Nxa5 Ra8 31. b4 Rc8 32. Nb7
Ra6 33. Nc5 Ra3 34. Bf1 Rxc3 35. Bxb5 Ne4 36. Nxe4 dxe4 37. a4 Rc2 38. a5
Rxd2 39. Rxd2 Rb8 40. a6 Ra8 41. Be2 Kf8 42. b5 Bc8 43. b6 Bxa6 44. Bxa6
Rxa6 45. b7 1-0

[Event "U18 Spanish Rapid Championship"]
[Site ""]
[Date "2017.08.06"]
[Round "7"]
[White "Guerra Arrocha, Daniel"]
[Black "Plazuelo Pascual, Juan"]
[Result "0-1"]
[BlackTitle "FM"]
[WhiteElo "1952"]
[BlackElo "2109"]
[Board "6"]
[WhiteClock "0:10.05"]
[WhiteCountry "ESP"]
[WhiteFideId "22242945"]
[BlackClock "0:10.05"]
[BlackCountry "ESP"]
[BlackFideId "32059566"]
[WhiteEloChange "-6"]
[BlackEloChange "6"]

1. e4 e6 2. d4 d5 3. Nc3 Nf6 4. Bg5 Bb4 5. e5 h6 6. Bc1 Nfd7 7. Qg4 Bf8 8.
Nf3 a6 9. Bd3 c5 10. Nxd5 exd5 11. e6 Nf6 12. exf7+ Kxf7 13. Ne5+ Kg8 14.
Bg6 Bd6 15. Qf3 Nc6 16. O-O Bxe5 17. Re1 Nxd4 18. Qd3 c4 19. Qd1 Bf5 20.
Bxf5 Nxf5 21. Rxe5 Qd7 22. Qf3 Re8 23. Rxe8+ Qxe8 24. Bd2 Qe4 25. Qh3 Kh7
26. b3 Re8 27. bxc4 dxc4 28. Bc3 Nd5 29. Rc1 Nf4 0-1

[Event "U18 Spanish Rapid Championship"]
[Site ""]
[Date "2017.08.06"]
[Round "7"]
[White "Garcia Martin, Marta"]
[Black "Pulido Esteban, Francisco Daniel"]
[Result "0-1"]
[WhiteTitle "FM"]
[WhiteElo "2026"]
[BlackElo "1692"]
[Board "7"]
[WhiteClock "0:10.05"]
[WhiteCountry "ESP"]
[WhiteFideId "32084030"]
[BlackClock "0:10.05"]
[BlackCountry "ESP"]
[BlackFideId "22274839"]
[WhiteEloChange "-17"]
[BlackEloChange "17"]

1. e4 c5 2. Nf3 d6 3. Bb5+ Bd7 4. Bxd7+ Qxd7 5. c4 Nc6 6. d4 cxd4 7. Nxd4
g6 8. b3 Bg7 9. Bb2 Nf6 10. Nc3 O-O 11. O-O a6 12. Re1 Rfd8 13. Nd5 Nxd4
14. Bxd4 Nxd5 15. exd5 b5 16. Bxg7 Kxg7 17. Qd4+ Kg8 18. Rac1 bxc4 19. Rxc4
Rac8 20. h4 Rxc4 21. Qxc4 a5 22. Qe4 Kf8 23. h5 Rc8 24. Qd4 f6 25. Qe4 Kf7
26. Re3 Rc5 27. Kh2 Rc7 28. Rh3 Qf5 29. hxg6+ hxg6 30. Rh7+ Ke8 31. Qxf5
gxf5 32. Rh5 Rc2 33. Rxf5 Rxa2 34. Rf3 Rd2 35. Rf4 Rxd5 36. Ra4 Rb5 37. Ra3
Kd7 38. Kg3 Ke6 39. Kf3 d5 40. Ke3 Kd6 41. Kd3 e5 42. g4 Rb4 43. f3 Rb5 44.
Kc3 Kc6 45. Ra1 Kb6 46. Rh1 d4+ 47. Kc2 Rc5+ 48. Kb2 Kb5 49. Rh6 Rc6 50.
Rh2 Kb4 51. Rh6 d3 52. Rh2 Rc3 53. Rd2 Rxb3+ 54. Ka2 a4 55. Rd1 Kc3 0-1

[Event "U18 Spanish Rapid Championship"]
[Site ""]
[Date "2017.08.06"]
[Round "7"]
[White "Nieves Cabanes, Jose Manuel"]
[Black "Vazquez Pino, Miguel A."]
[Result "1-0"]
[WhiteTitle "FM"]
[WhiteElo "2011"]
[BlackElo "1473"]
[Board "8"]
[WhiteClock "0:10.05"]
[WhiteCountry "ESP"]
[WhiteFideId "22245715"]
[BlackClock "0:10.05"]
[BlackCountry "ESP"]
[BlackFideId "32041713"]
[WhiteEloChange "2"]
[BlackEloChange "-2"]

1. Nf3 Nf6 2. c4 e6 3. g3 d5 4. Bg2 c6 5. b3 Nbd7 6. Bb2 Bd6 7. O-O O-O 8.
d3 b6 9. Nc3 Bb7 10. e4 dxe4 11. dxe4 Qc7 12. Qe2 Ne5 13. Nd2 Ned7 14. Kh1
a6 15. f4 e5 16. f5 Bb4 17. a3 Bxc3 18. Bxc3 c5 19. g4 h6 20. h4 Nh7 21.
Rf3 Ndf6 22. Rg3 g5 23. fxg6 fxg6 24. Rf1 Rad8 25. Qe3 Kg7 26. Nb1 Rd7 27.
Bd2 g5 28. Nc3 Rdf7 29. Re1 Ng8 30. hxg5 hxg5 31. Nd5 Qd6 32. Bc3 Bc8 33.
Kg1 Ngf6 34. Qe2 Qe6 35. Bf3 Rh8 36. Ne3 Bb7 37. Nf5+ Kg6 38. Rh3 Ng8 39.
Qh2 Nhf6 40. Rxh8 1-0

[Event "U18 Spanish Rapid Championship"]
[Site ""]
[Date "2017.08.06"]
[Round "7"]
[White "Rottenwohrer Suarez, Juan"]
[Black "Soto Martin, Pablo"]
[Result "1-0"]
[WhiteTitle "CM"]
[WhiteElo "1871"]
[BlackElo "1853"]
[Board "9"]
[WhiteClock "0:10.05"]
[WhiteCountry "ESP"]
[WhiteFideId "32068182"]
[BlackClock "0:10.05"]
[BlackCountry "ESP"]
[BlackFideId "32035179"]
[WhiteEloChange "9"]
[BlackEloChange "-9"]

1. a3 g6 2. Nf3 Bg7 3. g3 Nf6 4. Bg2 O-O 5. O-O c5 6. c4 Nc6 7. Nc3 e6 8.
d3 d5 9. cxd5 exd5 10. Bg5 Be6 11. Qd2 Qd7 12. Rab1 d4 13. Bxf6 Bxf6 14.
Ne4 Be7 15. Qh6 f5 16. Neg5 Bf6 17. Rfc1 Bd5 18. Rxc5 Bxf3 19. Bxf3 Qe7 20.
Ne6 Rf7 21. Bd5 Kh8 22. b4 Qd7 23. Nf4 Rg7 24. Bxc6 bxc6 25. Rbc1 Qe7 26.
Rxc6 Bg5 27. Rc8+ Rxc8 28. Rxc8+ Rg8 29. Nxg6# 1-0

[Event "U18 Spanish Rapid Championship"]
[Site ""]
[Date "2017.08.06"]
[Round "7"]
[White "Vidal Fernandez, Pablo"]
[Black "Represa Perez, Mireya"]
[Result "1-0"]
[BlackTitle "WFM"]
[WhiteElo "1856"]
[BlackElo "1764"]
[Board "10"]
[WhiteClock "0:10.05"]
[WhiteCountry "ESP"]
[WhiteFideId "32041705"]
[BlackClock "0:10.05"]
[BlackCountry "ESP"]
[BlackFideId "32010036"]
[WhiteEloChange "7"]
[BlackEloChange "-7"]

1. e4 c5 2. Nf3 d6 3. d4 cxd4 4. Nxd4 Nf6 5. Nc3 a6 6. Bc4 e6 7. a3 Be7 8.
O-O b5 9. Ba2 O-O 10. Bg5 Bb7 11. Qe2 Nbd7 12. Rad1 Rc8 13. Bxf6 Nxf6 14.
e5 dxe5 15. Nxe6 Qb6 16. Nxf8 Bxf8 17. Qxe5 Bc5 18. Nd5 Bxf2+ 19. Rxf2 Bxd5
20. Rxd5 Re8 21. Qc3 Ng4 22. Rf5 Rd8 23. Qe1 h6 24. h3 Ne3 25. Rxf7 Kh7 26.
c3 Rd1 27. Bb1+ Qg6 28. Bxg6+ Kxg6 29. Qxd1 Nxd1 30. R7f3 1-0

[Event "U18 Spanish Rapid Championship"]
[Site ""]
[Date "2017.08.06"]
[Round "8"]
[White "Domingo Nunez, Ruben"]
[Black "Domingo Nunez, Alejandro"]
[Result "1-0"]
[WhiteTitle "FM"]
[BlackTitle "FM"]
[WhiteElo "2116"]
[BlackElo "2023"]
[Board "1"]
[WhiteCountry "ESP"]
[WhiteFideId "22245570"]
[BlackCountry "ESP"]
[BlackFideId "22245561"]
[WhiteEloChange "7"]
[BlackEloChange "-7"]

1. e4 e6 2. Nf3 d5 3. Nc3 dxe4 4. Nxe4 Be7 5. d4 Nf6 6. Bd3 Nbd7 7. Be3 b6
8. Nxf6+ Nxf6 9. Qe2 Bb7 10. O-O-O O-O 11. h4 Nd5 12. Bd2 Bf6 13. c4 Ne7
14. Bxh7+ Kxh7 15. Ng5+ Kg8 16. Qh5 Bxg5 17. hxg5 f6 18. g6 Nxg6 19. Qxg6
Qe8 20. Qd3 Rd8 21. Rh4 Kf7 22. Rg4 Rg8 23. d5 g6 24. Re1 e5 25. f4 Bc8 26.
Rg3 Bf5 27. Qb3 e4 28. Rge3 Qd7 29. Qd1 Rh8 30. Bc3 Kg7 31. Qd4 Rdf8 32. g4
Bxg4 33. Rxe4 Kh6 34. Re7 Qd6 35. Qe3 Bh5 36. f5+ g5 37. Re6 Qd8 38. Rh1
Rh7 39. Rxh5+ 1-0

[Event "U18 Spanish Rapid Championship"]
[Site ""]
[Date "2017.08.06"]
[Round "8"]
[White "Plazuelo Pascual, Juan"]
[Black "Lopez Mulet, Inigo"]
[Result "1-0"]
[WhiteTitle "FM"]
[BlackTitle "FM"]
[WhiteElo "2109"]
[BlackElo "2186"]
[Board "2"]
[WhiteCountry "ESP"]
[WhiteFideId "32059566"]
[BlackCountry "ESP"]
[BlackFideId "22235620"]
[WhiteEloChange "12"]
[BlackEloChange "-12"]

1. d4 e6 2. Nf3 Nf6 3. e3 d5 4. c4 b6 5. b3 Bb7 6. Bb2 Nbd7 7. Bd3 Bd6 8.
O-O O-O 9. Qe2 a6 10. Ne5 Bxe5 11. dxe5 Ne4 12. Bc2 dxc4 13. bxc4 Qh4 14.
f3 Nec5 15. Nd2 Qh5 16. g4 Qh3 17. Qg2 Qxg2+ 18. Kxg2 Rad8 19. Rad1 Bc6 20.
Kg3 Na4 21. Bd4 f6 22. exf6 gxf6 23. Ne4 e5 24. Ba1 Ndc5 25. Nxf6+ Kf7 26.
Nxh7 Rxd1 27. Rxd1 Re8 28. h4 e4 29. Ng5+ Kg8 30. f4 Nd3 31. Bxd3 exd3 32.
Bd4 b5 33. cxb5 Bxb5 34. h5 c5 35. Be5 c4 36. h6 Re7 37. Rh1 d2 38. h7+
Rxh7 39. Rxh7 Kf8 40. Ne6+ Ke8 41. Bd6 1-0

[Event "U18 Spanish Rapid Championship"]
[Site ""]
[Date "2017.08.06"]
[Round "8"]
[White "Portela Peleteiro, Alberto"]
[Black "Rodriguez Mellado, Antonio"]
[Result "1-0"]
[WhiteTitle "FM"]
[WhiteElo "2132"]
[BlackElo "1984"]
[Board "3"]
[WhiteCountry "ESP"]
[WhiteFideId "22276106"]
[BlackCountry "ESP"]
[BlackFideId "22243038"]
[WhiteEloChange "6"]
[BlackEloChange "-6"]

1. e4 e5 2. Nf3 Nc6 3. d4 exd4 4. Bc4 d6 5. O-O Nf6 6. Re1 Be7 7. Nxd4 Nxd4
8. Qxd4 O-O 9. Nc3 Bd7 10. Bg5 Ng4 11. Bxe7 Qxe7 12. f3 Ne5 13. Nd5 Qg5 14.
Be2 Nc6 15. Qe3 Qxe3+ 16. Nxe3 Be6 17. Bc4 Ne5 18. Bb3 Bxb3 19. axb3 Ng6
20. Nd5 c6 21. Ne3 Rfd8 22. Red1 Rd7 23. Rd2 a6 24. Rad1 Rad8 25. Nc4 b5
26. Rxd6 Rxd6 27. Rxd6 Rxd6 28. Nxd6 Kf8 29. Nb7 Ne5 30. Nc5 a5 31. Nb7 a4
32. bxa4 bxa4 33. Nc5 a3 34. bxa3 Ke7 35. Kf2 Nc4 36. a4 Kd6 37. Nb3 Na3
38. c3 Nb1 39. c4 c5 40. Ke3 Nc3 41. a5 Na4 42. Kd3 Nb2+ 43. Kc3 Nd1+ 44.
Kc2 Ne3+ 45. Kd3 Nxg2 46. a6 Nf4+ 47. Ke3 Ne6 48. a7 Nc7 49. f4 Kc6 50. e5
Na8 51. Ke4 Nb6 52. Na5+ Kc7 53. f5 1-0

[Event "U18 Spanish Rapid Championship"]
[Site ""]
[Date "2017.08.06"]
[Round "8"]
[White "Rottenwohrer Suarez, Juan"]
[Black "Nieves Cabanes, Jose Manuel"]
[Result "1-0"]
[WhiteTitle "CM"]
[BlackTitle "FM"]
[WhiteElo "1871"]
[BlackElo "2011"]
[Board "5"]
[WhiteCountry "ESP"]
[WhiteFideId "32068182"]
[BlackCountry "ESP"]
[BlackFideId "22245715"]
[WhiteEloChange "14"]
[BlackEloChange "-14"]

1. c4 Nf6 2. Nc3 e5 3. g3 Bc5 4. Bg2 a6 5. e3 Ba7 6. Nge2 O-O 7. O-O d6 8.
d4 Nc6 9. a3 Bg4 10. f3 Bh5 11. b4 Nd7 12. b5 Na5 13. bxa6 bxa6 14. g4 Bg6
15. f4 f5 16. dxe5 c6 17. gxf5 Bxf5 18. exd6 Nxc4 19. Nd4 Bxd4 20. Qxd4 Na5
21. Ra2 Be6 22. Raf2 Nb3 23. Qb4 a5 24. Qe4 Ndc5 25. Qc2 Qxd6 26. Rd1 Qc7
27. Ne4 Bf5 28. Qc4+ Be6 29. Qc3 Nxe4 30. Bxe4 Nxc1 31. Rxc1 Rac8 32. Qd3
h6 33. Rxc6 Qe7 34. Rxe6 Rc1+ 35. Kg2 Qh4 36. Rg6 Kh8 37. Qd7 Rg8 38. Qf5
Rc3 39. Rg4 1-0

[Event "U18 Spanish Rapid Championship"]
[Site ""]
[Date "2017.08.06"]
[Round "8"]
[White "Pulido Esteban, Francisco Daniel"]
[Black "Martin Carmona, Gaston Manuel"]
[Result "1-0"]
[WhiteElo "1692"]
[BlackElo "1958"]
[Board "6"]
[WhiteCountry "ESP"]
[WhiteFideId "22274839"]
[BlackCountry "ESP"]
[BlackFideId "22284567"]
[WhiteEloChange "16"]
[BlackEloChange "-16"]

1. e4 c5 2. Nc3 a6 3. g3 b5 4. Bg2 Bb7 5. d3 e6 6. f4 d6 7. Nf3 Nf6 8. O-O
Nbd7 9. h3 Qc7 10. Be3 Be7 11. Qd2 d5 12. exd5 Nxd5 13. Nxd5 Bxd5 14. d4 c4
15. Ne5 Nf6 16. c3 Qb7 17. Bxd5 Qxd5 18. Qg2 O-O 19. f5 Qxg2+ 20. Kxg2 Nd5
21. Bd2 f6 22. Ng4 exf5 23. Rxf5 Rad8 24. Re1 Rfe8 25. Ne3 Nb6 26. Nd1 Bf8
27. Rff1 Kf7 28. Kf2 Bd6 29. Kf3 h5 30. Bf4 Bf8 31. Bc7 Nd5 32. Bxd8 Rxd8
33. Ne3 Ne7 34. Ng2 g5 35. Re2 Rd6 36. Rfe1 a5 37. Ne3 f5 38. g4 f4 39. Nf5
Nxf5 40. gxf5 Rf6 41. Re5 b4 42. Rxa5 bxc3 43. bxc3 Rb6 44. Re6 Rb7 45. Rg6
Be7 46. Rh6 h4 47. Raa6 Ke8 48. Rh7 Rb8 49. Re6 Rb7 50. f6 Kf8 51. fxe7+
Ke8 52. Rh8+ 1-0

[Event "U18 Spanish Rapid Championship"]
[Site ""]
[Date "2017.08.06"]
[Round "8"]
[White "Vidal Fernandez, Pablo"]
[Black "Chao Vale, Fernando"]
[Result "0-1"]
[WhiteElo "1856"]
[BlackElo "1848"]
[Board "7"]
[WhiteCountry "ESP"]
[WhiteFideId "32041705"]
[BlackCountry "ESP"]
[BlackFideId "22241663"]
[WhiteEloChange "-10"]
[BlackEloChange "10"]

1. e4 c5 2. Nf3 e6 3. d4 cxd4 4. Nxd4 Qb6 5. Nb3 Qc7 6. Nc3 a6 7. Bd3 d6 8.
O-O Nf6 9. f4 Nc6 10. Qf3 Be7 11. Bd2 e5 12. f5 Bd7 13. a4 Nb4 14. Kh1 Nxd3
15. cxd3 Qb6 16. Nc1 Qxb2 17. Ra2 Qb6 18. a5 Qd8 19. N1e2 Bc6 20. Qg3 O-O
21. Bh6 Ne8 22. Be3 Rc8 23. d4 exd4 24. Bxd4 Bf6 25. Rd2 Qxa5 26. Bxf6 Nxf6
27. Rxd6 Kh8 28. e5 Ne4 29. Nxe4 Bxe4 30. f6 gxf6 31. Qh4 Qxe5 32. Rdxf6
Bxg2+ 33. Kxg2 Qxe2+ 34. R6f2 Qe5 35. Rf5 Rg8+ 36. Kh1 Qxf5 0-1

[Event "U18 Spanish Rapid Championship"]
[Site ""]
[Date "2017.08.06"]
[Round "8"]
[White "Villemur Tamarit, Juan"]
[Black "Mari Copa, Adria"]
[Result "0-1"]
[WhiteElo "1921"]
[BlackElo "1769"]
[Board "8"]
[WhiteCountry "ESP"]
[WhiteFideId "22280332"]
[BlackCountry "ESP"]
[BlackFideId "22276122"]
[WhiteEloChange "-14"]
[BlackEloChange "14"]

1. d4 Nf6 2. Nf3 d6 3. c4 g6 4. Nc3 Bg7 5. e4 Nbd7 6. Be2 e5 7. d5 a5 8. b3
O-O 9. O-O Nc5 10. Qc2 Nh5 11. Bg5 f6 12. Be3 b6 13. Nd2 Nf4 14. f3 f5 15.
Rfe1 Nxe2+ 16. Rxe2 f4 17. Bf2 g5 18. a3 h5 19. Rb1 g4 20. b4 Nb7 21. Nb5
Bd7 22. Qd3 Rf7 23. c5 bxc5 24. bxc5 g3 25. hxg3 fxg3 26. Be3 Nxc5 27. Bxc5
dxc5 28. Nf1 h4 29. Rc2 Bf8 30. Qe3 Rf4 31. Nc3 Bd6 32. Ne2 Qg5 33. Nxf4
exf4 34. Qb3 h3 35. Qb7 Re8 36. Rd1 Kf7 37. Qb3 hxg2 38. Rxg2 Rh8 39. Nxg3
fxg3 40. f4 Qxf4 41. Rf1 Rh1+ 42. Kxh1 Qxf1+ 0-1

[Event "U18 Spanish Rapid Championship"]
[Site ""]
[Date "2017.08.06"]
[Round "8"]
[White "Guerrero Mendez, Luis"]
[Black "Garcia Martin, Marta"]
[Result "0-1"]
[BlackTitle "FM"]
[WhiteElo "1666"]
[BlackElo "2026"]
[Board "10"]
[WhiteCountry "ESP"]
[WhiteFideId "22284192"]
[BlackCountry "ESP"]
[BlackFideId "32084030"]
[WhiteEloChange "-2"]
[BlackEloChange "2"]

1. e4 c5 2. b3 Nc6 3. Bb2 a6 4. f4 d5 5. Nc3 d4 6. Nce2 e5 7. Nf3 Bd6 8. f5
Nf6 9. d3 Ng4 10. Bc1 Ne3 11. Bxe3 dxe3 12. c3 Qa5 13. Qc1 Nd4 14. Kd1 Bd7
15. Qxe3 Nxb3 16. axb3 Qxa1+ 17. Nc1 Qxc3 18. g4 c4 19. Qb6 Ba3 20. Ne2
Qxd3+ 21. Nd2 c3 22. Nxc3 Qxc3 23. h4 Qc1+ 24. Ke2 Bb5+ 25. Nc4 Rd8 26. Qc7
Rd2+ 27. Kf3 Qc3+ 0-1

[Event "U18 Spanish Rapid Championship"]
[Site ""]
[Date "2017.08.06"]
[Round "9"]
[White "Domingo Nunez, Ruben"]
[Black "Rottenwohrer Suarez, Juan"]
[Result "0-1"]
[WhiteTitle "FM"]
[BlackTitle "CM"]
[WhiteElo "2116"]
[BlackElo "1871"]
[Board "1"]
[WhiteClock "0:10.03"]
[WhiteCountry "ESP"]
[WhiteFideId "22245570"]
[BlackClock "0:10.05"]
[BlackCountry "ESP"]
[BlackFideId "32068182"]
[WhiteEloChange "-16"]
[BlackEloChange "16"]

1. e4 c5 2. Nf3 g6 3. g3 Bg7 4. Bg2 Nc6 5. O-O Nf6 6. Re1 O-O 7. h3 d6 8.
c3 e5 9. d4 cxd4 10. cxd4 exd4 11. Nxd4 Nxd4 12. Qxd4 Re8 13. Qd3 d5 14. e5
Ne4 15. f4 Be6 16. Nd2 Qb6+ 17. Kh2 Rac8 18. Nxe4 dxe4 19. Qxe4 Red8 20. b3
Bd5 21. Qe3 Rc2 22. Rg1 Qc6 23. Bd2 Bxg2 24. Rxg2 Qd5 25. Rd1 Bf8 26. e6
fxe6 27. Re2 Bc5 28. Qe5 Qxe5 29. fxe5 Bb4 0-1

[Event "U18 Spanish Rapid Championship"]
[Site ""]
[Date "2017.08.06"]
[Round "9"]
[White "Lopez Mulet, Inigo"]
[Black "Pulido Esteban, Francisco Daniel"]
[Result "1-0"]
[WhiteTitle "FM"]
[WhiteElo "2186"]
[BlackElo "1692"]
[Board "2"]
[WhiteClock "0:10.05"]
[WhiteCountry "ESP"]
[WhiteFideId "22235620"]
[BlackClock "0:10.05"]
[BlackCountry "ESP"]
[BlackFideId "22274839"]
[WhiteEloChange "2"]
[BlackEloChange "-2"]

1. d4 Nf6 2. c4 e6 3. g3 b6 4. Bg2 c6 5. Nf3 Bb7 6. Nc3 d5 7. cxd5 cxd5 8.
O-O Be7 9. Bf4 a6 10. Rc1 O-O 11. Qb3 Nbd7 12. Rc2 Rc8 13. Rfc1 b5 14. a4
b4 15. Na2 Qb6 16. Rc7 Rxc7 17. Bxc7 Qa7 18. Nxb4 a5 19. Nd3 Ba6 20. Nde5
Nxe5 21. dxe5 Nd7 22. Bd6 Bc4 23. Qa3 Bxd6 24. Qxd6 Rb8 25. Nd2 Rb4 26. b3
Rb6 27. Qe7 Ba6 28. Qd8+ Nf8 29. Rc7 Qb8 30. Qe7 1-0

[Event "U18 Spanish Rapid Championship"]
[Site ""]
[Date "2017.08.06"]
[Round "9"]
[White "Perez Garcia, Alejandro"]
[Black "Portela Peleteiro, Alberto"]
[Result "0-1"]
[WhiteTitle "IM"]
[BlackTitle "FM"]
[WhiteElo "2123"]
[BlackElo "2132"]
[Board "3"]
[WhiteClock "0:10.05"]
[WhiteCountry "ESP"]
[WhiteFideId "32041543"]
[BlackClock "0:10.05"]
[BlackCountry "ESP"]
[BlackFideId "22276106"]
[WhiteEloChange "-10"]
[BlackEloChange "10"]

1. d4 d6 2. Nf3 g6 3. e4 Bg7 4. Bd3 Nd7 5. O-O e5 6. c3 Ngf6 7. Nbd2 O-O 8.
dxe5 dxe5 9. b4 c6 10. a4 Qc7 11. Nc4 b6 12. Ba3 Bb7 13. Qc2 Rfe8 14. Rfd1
Bf8 15. Bc1 h6 16. h3 Rad8 17. Be3 c5 18. b5 Bg7 19. a5 Nf8 20. axb6 axb6
21. Ra7 Nh5 22. Rda1 g5 23. Bf1 Re6 24. R1a4 Ng6 25. Qa2 Ne7 26. Ra3 Nc8
27. R7a4 Re7 28. Ncd2 Nd6 29. Ra7 Nc8 30. R7a4 Red7 31. Bc4 Nd6 32. Ra7
Nxc4 33. Qxc4 Nf4 34. Bxf4 exf4 35. Kh2 Rxd2 36. Nxd2 f3+ 37. Kg1 Rxd2 38.
gxf3 Qc8 39. Kg2 Be5 40. Ra2 Rd1 41. Ra1 Rd8 42. R7a2 Bb8 43. Qe2 Qc7 44.
Rh1 Qf4 45. Raa1 Rd2 46. Qe1 Rd3 47. Qe2 Rxf3 0-1